[Event "Edinburgh She Plays To Win 2nd"]
[Site "Edinburgh"]
[Date "2023.02.18"]
[Round "8"]
[White "Head, Louise"]
[Black "Keetman, Maaike"]
[Result "1/2-1/2"]
[WhiteElo "2020"]
[BlackElo "2164"]
[PlyCount "39"]
[EventDate "2023.02.15"]
[EventType "tourn"]
[EventRounds "9"]
[EventCountry "SCO"]
[SourceTitle "CBM 212 Extra"]
[Source "ChessBase"]
[SourceDate "2023.03.31"]
[SourceVersion "1"]
[SourceVersionDate "2023.03.31"]
[SourceQuality "1"]

1. d4 Nf6 2. c4 e6 3. Nf3 d5 4. Nc3 dxc4 5. e4 b5 6. e5 Nd5 7. Nxb5 Nb6 8. Be2 Nc6 9. 0-0 Be7 10. a3 0-0 11. Be3 Bb7 12. Qc2 Na5 13. Rad1 Qd7 14. Nc3 Qc6 15. Ne1 Nd5 16. Nxd5 Qxd5 17. Bd2 Nc6 18. Be3 Na5 19. Bd2 Nc6 20. Be3 1/2-1/2

[Event "Harrogate 4NCL op-A 29th"]
[Site "Harrogate"]
[Date "2023.01.22"]
[Round "4"]
[White "Burrows, Martin P"]
[Black "Head, Louise"]
[Result "1-0"]
[WhiteElo "2058"]
[BlackElo "2015"]
[PlyCount "75"]
[EventDate "2023.01.20"]
[EventType "swiss"]
[EventRounds "5"]
[EventCountry "ENG"]
[SourceTitle "CBM 212 Extra"]
[Source "ChessBase"]
[SourceDate "2023.03.31"]
[SourceVersion "1"]
[SourceVersionDate "2023.03.31"]
[SourceQuality "1"]

1. e4 c6 2. d4 d5 3. e5 c5 4. dxc5 e6 5. a3 Bxc5 6. Nf3 Ne7 7. b4 Bb6 8. Bd3 Ng6 9. 0-0 a5 10. b5 Nd7 11. Bb2 a4 12. Re1 Nc5 13. Bf1 0-0 14. Nbd2 Qe7 15. g3 Rd8 16. Qe2 Bd7 17. Rab1 Be8 18. h4 h6 19. Nd4 Nd7 20. f4 Bc5 21. h5 Ngf8 22. Qf3 Nb6 23. Kh2 Rac8 24. Bd3 Nc4 25. Bxc4 dxc4 26. Qe4 Rd5 27. N2f3 Bxd4 28. Nxd4 c3 29. Bc1 Rc4 30. Be3 Qd8 31. Rb4 Rxb4 32. axb4 Bxb5 33. f5 exf5 34. Nxf5 Bc6 35. Qg4 g6 36. Nxh6+ Kh7 37. Nxf7 Qd7 38. e6 1-0

[Event "UK-ch Blitz (Women)"]
[Site "Leamington Spa"]
[Date "2022.12.03"]
[Round "11"]
[White "Head, Louise"]
[Black "Pyun, Lindsay"]
[Result "1-0"]
[WhiteElo "1915"]
[BlackElo "1515"]
[PlyCount "125"]
[EventDate "2022.12.03"]
[EventType "tourn (blitz)"]
[EventRounds "15"]
[EventCountry "ENG"]
[SourceTitle "CBM 211 Extra"]
[Source "ChessBase"]
[SourceDate "2023.01.31"]
[SourceVersion "1"]
[SourceVersionDate "2023.01.31"]
[SourceQuality "1"]

1. d4 d5 2. c4 c6 3. Nf3 Nf6 4. Nc3 e6 5. cxd5 exd5 6. Bg5 Be7 7. e3 Nbd7 8. Bd3 0-0 9. 0-0 h6 10. Bh4 Ne4 11. Bxe7 Qxe7 12. Qc2 Ndf6 13. Rab1 a5 14. Ne5 Nd6 15. a3 Ng4 16. Nxg4 Bxg4 17. b4 axb4 18. axb4 Bd7 19. b5 Rfc8 20. bxc6 bxc6 21. Na4 Rab8 22. Nc5 Be8 23. h3 Nb7 24. Ba6 Rc7 25. Rb2 Bd7 26. Rfb1 Bc8 27. Bxb7 Bxb7 28. Na6 Bxa6 29. Rxb8+ Rc8 30. Rxc8+ Bxc8 31. Qxc6 Bd7 32. Qa8+ Kh7 33. Qxd5 Be6 34. Qe4+ g6 35. Rc1 Qf6 36. Qe5 Qg5 37. Ra1 Bxh3 38. Qg3 Qxg3 39. fxg3 Be6 40. e4 Kg7 41. Kf2 Kf6 42. Ke3 g5 43. Ra6 Ke7 44. Ra7+ Kd6 45. d5 Bg4 46. Ra6+ Ke7 47. Rxh6 Bd7 48. Ra6 Bb5 49. Rb6 Bf1 50. Kf2 Bd3 51. Ke3 Bf1 52. e5 Bxg2 53. Kd4 Bf3 54. Rf6 g4 55. d6+ Ke8 56. Kc5 Bb7 57. Rf4 Bc8 58. Kc6 Bd7+ 59. Kc7 Be6 60. Rd4 Bd7 61. Rb4 f5 62. Rb8+ Kf7 63. Kxd7 1-0

[Event "UK-ch Blitz (Women)"]
[Site "Leamington Spa"]
[Date "2022.12.03"]
[Round "14"]
[White "Henderson de la Fuente, Andrea"]
[Black "Head, Louise"]
[Result "0-1"]
[WhiteElo "1889"]
[BlackElo "1915"]
[PlyCount "154"]
[EventDate "2022.12.03"]
[EventType "tourn (blitz)"]
[EventRounds "15"]
[EventCountry "ENG"]
[SourceTitle "CBM 211 Extra"]
[Source "ChessBase"]
[SourceDate "2023.01.31"]
[SourceVersion "1"]
[SourceVersionDate "2023.01.31"]
[SourceQuality "1"]

1. e4 c6 2. d4 d5 3. Nc3 dxe4 4. Nxe4 Nf6 5. Nxf6+ exf6 6. h3 Bd6 7. Nf3 0-0 8. Be2 Re8 9. 0-0 Nd7 10. Be3 Nf8 11. c4 Bf5 12. Bd3 Bxd3 13. Qxd3 Ng6 14. g3 Qd7 15. Kg2 Rad8 16. Rfd1 Qc7 17. Qc3 f5 18. c5 Be7 19. Bd2 Bf6 20. Bg5 Bxg5 21. Nxg5 f4 22. Qf3 h6 23. Ne4 fxg3 24. fxg3 Qd7 25. Nd6 Re6 26. Rf1 Rf6 27. Qe2 Re6 28. Qd3 Nh8 29. Rf2 Qe7 30. Raf1 Rd7 31. Nf5 Qg5 32. h4 Qg4 33. Nd6 Qg6 34. Qxg6 Rxg6 35. Re1 Re6 36. Rxe6 fxe6 37. Re2 Re7 38. Nc8 Re8 39. Nxa7 Ra8 40. Rxe6 Rxa7 41. Re8+ Kh7 42. a3 Ra4 43. Rd8 Rc4 44. Rd7 Rc2+ 45. Kf3 Rxb2 46. Ke4 Rb3 47. g4 Ng6 48. h5 Nh4 49. Ke5 Nf3+ 50. Kd6 Nxd4 51. Ke7 Nc2 52. Kf8 Rf3+ 53. Ke8 Nxa3 54. Rxb7 Rc3 55. Ra7 Nb5 56. Rf7 Rxc5 57. Kd7 Nc3 58. Ke8 Re5+ 59. Kf8 Rg5 60. Rf3 Nd5 61. Rg3 Nf6 62. Ke7 Nxg4 63. Ke6 Nf6 64. Rc3 c5 65. Kf7 Rxh5 66. Rg3 Rg5 67. Rc3 h5 68. Ke6 Kh6 69. Ra3 h4 70. Ra7 h3 71. Ra3 Rh5 72. Kf7 h2 73. Rg3 h1Q 74. Rg6+ Kh7 75. Rxg7+ Kh8 76. Kxf6 Qc6+ 77. Kf7 Qd7+ 0-1

[Event "UK-ch Blitz (Women)"]
[Site "Leamington Spa"]
[Date "2022.12.03"]
[Round "4"]
[White "Regan, Natasha"]
[Black "Head, Louise"]
[Result "0-1"]
[WhiteElo "1873"]
[BlackElo "1915"]
[PlyCount "68"]
[EventDate "2022.12.03"]
[EventType "tourn (blitz)"]
[EventRounds "15"]
[EventCountry "ENG"]
[SourceTitle "CBM 211 Extra"]
[Source "ChessBase"]
[SourceDate "2023.01.31"]
[SourceVersion "1"]
[SourceVersionDate "2023.01.31"]
[SourceQuality "1"]

1. Nf3 d5 2. c4 dxc4 3. Na3 c5 4. Nxc4 Nc6 5. g3 Nf6 6. Bg2 e6 7. 0-0 Be7 8. b3 0-0 9. Bb2 a5 10. Rc1 a4 11. Nfe5 Nxe5 12. Nxe5 axb3 13. Qxb3 Qa5 14. a3 Qxd2 15. e3 Qa5 16. Rc4 Ra6 17. Rfc1 b5 18. Rh4 c4 19. Qc2 Qa4 20. Qe2 Bxa3 21. Bxa3 Qxa3 22. Rd1 Qc3 23. Nc6 Ra1 24. Ne7+ Kh8 25. h3 Rxd1+ 26. Qxd1 Qb4 27. Nc6 Qc5 28. Nd8 Qc7 29. Nc6 Bb7 30. g4 Bxc6 31. Bxc6 Qxc6 32. g5 Qd5 33. Qe2 Qxg5+ 34. Rg4 Nxg4 0-1

[Event "EU-ch (Women) 22nd"]
[Site "Prague"]
[Date "2022.08.29"]
[Round "9"]
[White "Richterova, Natasa"]
[Black "Head, Louise"]
[Result "1-0"]
[WhiteElo "2215"]
[BlackElo "2024"]
[PlyCount "109"]
[EventDate "2022.08.20"]
[EventType "swiss"]
[EventRounds "11"]
[EventCountry "CZE"]
[SourceTitle "CBM 209 Extra"]
[Source "ChessBase"]
[SourceDate "2022.09.30"]
[SourceVersion "1"]
[SourceVersionDate "2022.09.30"]
[SourceQuality "1"]

1. e4 c6 2. d4 d5 3. Nd2 dxe4 4. Nxe4 Nf6 5. Nxf6+ exf6 6. Nf3 Bd6 7. Be2 0-0 8. 0-0 Re8 9. Re1 Nd7 10. c4 Nf8 11. Be3 Bg4 12. h3 Bh5 13. Qb3 Qc7 14. c5 Be7 15. d5 cxd5 16. Qxd5 Bg6 17. b4 Ne6 18. Rac1 Rac8 19. Nh4 Red8 20. Qc4 f5 21. Nxg6 hxg6 22. g3 Bg5 23. f4 Bf6 24. Bf3 Rd7 25. Bd5 Nf8 26. h4 Rcd8 27. Red1 Re7 28. Bf2 Rde8 29. Re1 Ne6 30. a4 Nd8 31. Kf1 Rxe1+ 32. Rxe1 Rxe1+ 33. Bxe1 Be7 34. Bf2 Kf8 35. Bd4 Nc6 36. Bxc6 Qxc6 37. b5 Qh1+ 38. Bg1 g5 39. hxg5 Qf3+ 40. Bf2 Qd1+ 41. Kg2 Qd7 42. c6 bxc6 43. bxc6 Qc7 44. Qa6 Bd8 45. Bxa7 Qd6 46. Qb5 Kg8 47. Bf2 Qc7 48. Bc5 g6 49. a5 Qc8 50. a6 Qe6 51. Bf2 Qe4+ 52. Kg1 Qc2 53. a7 Qa2 54. Qb8 Kh7 55. a8Q 1-0

[Event "EU-ch (Women) 22nd"]
[Site "Prague"]
[Date "2022.08.27"]
[Round "7"]
[White "Trasakova, Adela"]
[Black "Head, Louise"]
[Result "1/2-1/2"]
[WhiteElo "1862"]
[BlackElo "2024"]
[PlyCount "159"]
[EventDate "2022.08.20"]
[EventType "swiss"]
[EventRounds "11"]
[EventCountry "CZE"]
[SourceTitle "CBM 209 Extra"]
[Source "ChessBase"]
[SourceDate "2022.09.30"]
[SourceVersion "1"]
[SourceVersionDate "2022.09.30"]
[SourceQuality "1"]

1. d4 d5 2. Nf3 e6 3. g3 c5 4. Bg2 cxd4 5. Nxd4 Nf6 6. 0-0 e5 7. Nb3 Be6 8. c4 Nc6 9. cxd5 Nxd5 10. Bd2 Be7 11. Nc3 Nf6 12. Bg5 0-0 13. Bxf6 gxf6 14. e3 Qxd1 15. Rfxd1 Nb4 16. Nd5 Nxd5 17. Bxd5 Bg4 18. f3 Bc8 19. e4 a5 20. a4 Ra7 21. Rac1 b6 22. Rc4 Ba6 23. Rc6 Be2 24. Rdc1 Bxf3 25. Rxb6 f5 26. Rb5 fxe4 27. Nxa5 Bg5 28. Ra1 Rd7 29. Nc6 Be3+ 30. Kf1 Bd4 31. a5 Rc8 32. a6 Rcc7 33. Nxd4 exd4 34. Bb7 Kg7 35. a7 Rd8 36. a8Q Rxa8 37. Bxa8 Rc2 38. Rg5+ Kf6 39. Raa5 Rc1+ 40. Kf2 Rc2+ 41. Ke1 d3 42. Raf5+ Ke7 43. Rxf3 exf3 44. Bxf3 Rxb2 45. Rh5 Ke6 46. Rxh7 f5 47. h4 Rh2 48. h5 Rh3 49. Kf2 Rh2+ 50. Ke3 d2 51. Bd1 Rh3 52. Kf4 Rh1 53. Bb3+ Kd6 54. Kxf5 Rf1+ 55. Kg5 Rf3 56. Bd1 Rxg3+ 57. Kh6 Rg1 58. Ba4 Ra1 59. Rd7+ Ke6 60. Rxd2 Rxa4 61. Rf2 Rg4 62. Kh7 Ke7 63. h6 Rg1 64. Rf3 Rg2 65. Ra3 Kf7 66. Ra7+ Kf8 67. Rg7 Rh2 68. Rg1 Rf2 69. Rg8+ Kf7 70. Ra8 Rg2 71. Kh8 Rg1 72. Ra7+ Kf8 73. h7 Rg2 74. Ra8+ Kf7 75. Rg8 Rh2 76. Rg1 Rf2 77. Rg7+ Kf8 78. Rg8+ Kf7 79. Rg7+ Kf8 80. Rg8+ 1/2-1/2

[Event "EU-ch (Women) 22nd"]
[Site "Prague"]
[Date "2022.08.23"]
[Round "4"]
[White "Acarbay, Algi"]
[Black "Head, Louise"]
[Result "0-1"]
[WhiteElo "1951"]
[BlackElo "2024"]
[PlyCount "64"]
[EventDate "2022.08.20"]
[EventType "swiss"]
[EventRounds "11"]
[EventCountry "CZE"]
[SourceTitle "CBM 209 Extra"]
[Source "ChessBase"]
[SourceDate "2022.09.30"]
[SourceVersion "1"]
[SourceVersionDate "2022.09.30"]
[SourceQuality "1"]

1. e4 c6 2. Nf3 d5 3. d3 Bg4 4. h3 Bxf3 5. Qxf3 e6 6. g3 Nd7 7. Bg2 Ngf6 8. 0-0 Bc5 9. Re1 0-0 10. Nc3 b5 11. exd5 exd5 12. Bf4 Bd4 13. Be3 Bxe3 14. Qxe3 Re8 15. Qf4 Nc5 16. Ne2 Ne6 17. Qf5 Rb8 18. g4 Qd6 19. h4 Qb4 20. g5 Nd7 21. d4 Ndf8 22. Qd3 Nf4 23. Qg3 Nxe2+ 24. Rxe2 Rxe2 25. Qxb8 Qxb2 26. Rf1 Qxd4 27. Bf3 Qe5 28. Qxa7 Rxc2 29. Kg2 g6 30. Qa8 Kg7 31. a4 bxa4 32. Qxa4 Rc4 0-1

[Event "EU-ch (Women) 22nd"]
[Site "Prague"]
[Date "2022.08.22"]
[Round "3"]
[White "Head, Louise"]
[Black "Gaboyan, Susanna"]
[Result "0-1"]
[WhiteElo "2024"]
[BlackElo "2270"]
[PlyCount "106"]
[EventDate "2022.08.20"]
[EventType "swiss"]
[EventRounds "11"]
[EventCountry "CZE"]
[SourceTitle "CBM 209 Extra"]
[Source "ChessBase"]
[SourceDate "2022.09.30"]
[SourceVersion "1"]
[SourceVersionDate "2022.09.30"]
[SourceQuality "1"]

1. d4 Nf6 2. c4 c5 3. d5 b5 4. cxb5 a6 5. b6 e6 6. Nc3 Nxd5 7. Nxd5 exd5 8. Qxd5 Nc6 9. e4 Be7 10. Bc4 0-0 11. Nf3 Rb8 12. 0-0 Rxb6 13. Bf4 Rxb2 14. Bb3 Nb4 15. Qd1 Bb7 16. e5 Be4 17. Ne1 Bf5 18. Bd2 d5 19. Bc3 Rxb3 20. axb3 a5 21. Ra4 Bd7 22. Ra3 Bb5 23. Qa1 d4 24. Bd2 Bxf1 25. Kxf1 Qd5 26. Qd1 Qxe5 27. Rxa5 Qxh2 28. Bxb4 cxb4 29. Rh5 Qd6 30. Qd3 g6 31. Rh3 Rc8 32. Qb5 Rc1 33. Qe2 Bg5 34. Rf3 Kg7 35. g3 Qd5 36. Kg2 Rc3 37. Qd1 Bf6 38. Kg1 h5 39. Rd3 Qg5 40. Nf3 Qc5 41. Kg2 Qd5 42. Kh2 Qe4 43. Ne1 h4 44. Rf3 hxg3+ 45. fxg3 Bg5 46. Rf2 Rc1 47. Qf3 Rxe1 48. Qxf7+ Kh6 49. Qf8+ Kh5 50. Qh8+ Bh6 51. Rf5+ gxf5 52. g4+ fxg4 53. Qf6 Bf4+ 0-1

[Event "EU-ch (Women) 22nd"]
[Site "Prague"]
[Date "2022.08.20"]
[Round "1"]
[White "Belenkaya, Dina"]
[Black "Head, Louise"]
[Result "1-0"]
[WhiteElo "2293"]
[BlackElo "2024"]
[PlyCount "96"]
[EventDate "2022.08.20"]
[EventType "swiss"]
[EventRounds "11"]
[EventCountry "CZE"]
[SourceTitle "CBM 209 Extra"]
[Source "ChessBase"]
[SourceDate "2022.09.30"]
[SourceVersion "1"]
[SourceVersionDate "2022.09.30"]
[SourceQuality "1"]

1. e4 c6 2. d4 d5 3. e5 c5 4. dxc5 e6 5. Qg4 h5 6. Qf4 Bxc5 7. Nf3 Qb6 8. Ng5 f6 9. Nh3 Qb4+ 10. Qxb4 Bxb4+ 11. c3 Bc5 12. Nf4 Ne7 13. Be2 h4 14. Nd3 Bb6 15. Na3 Nbc6 16. exf6 gxf6 17. Nb5 e5 18. Nd6+ Kd7 19. Nxc8 Raxc8 20. 0-0 Rhg8 21. Rd1 Ke6 22. Re1 Rg7 23. Bf1 Kd7 24. Bd2 Rf8 25. Rad1 Rfg8 26. Be3 Bxe3 27. fxe3 Kc8 28. b4 Rg4 29. Nf2 R4g6 30. e4 Rd8 31. b5 Nb8 32. exd5 Nxd5 33. Bd3 Rg7 34. Bf5+ Kc7 35. Re4 Ne3 36. Rxe3 Rdg8 37. Bh3 a6 38. c4 Nd7 39. Rxd7+ Rxd7 40. Bxd7 Kxd7 41. Ne4 Ke7 42. b6 Rd8 43. c5 Ke6 44. Nd6 Rb8 45. Rc3 h3 46. gxh3 Kd5 47. Nxb7 Kc6 48. Nd6 Kd5 1-0

[Event "Speed Chess (Women) Q2"]
[Site "Chess.com INT"]
[Date "2022.05.26"]
[Round "3"]
[White "Head, Louise"]
[Black "Nguyen, Thi Mai Hung"]
[Result "0-1"]
[WhiteElo "2025"]
[BlackElo "2223"]
[PlyCount "108"]
[EventDate "2022.05.26"]
[EventType "swiss (blitz)"]
[EventRounds "14"]
[EventCountry "USA"]
[SourceTitle "CBM 208 Extra"]
[Source "ChessBase"]
[SourceDate "2022.07.31"]
[SourceVersion "1"]
[SourceVersionDate "2022.07.31"]
[SourceQuality "1"]

1. d4 d5 2. c4 c6 3. Nf3 Nf6 4. Nc3 e6 5. cxd5 exd5 6. Bg5 Be7 7. e3 Bf5 8. Bd3 Bxd3 9. Qxd3 Nbd7 10. 0-0 0-0 11. h3 Re8 12. a3 a5 13. b3 Ne4 14. Bf4 f5 15. Rfb1 Bf8 16. Ne5 Ndf6 17. f3 Nd6 18. b4 axb4 19. axb4 Rxa1 20. Rxa1 Qb6 21. Rb1 Ra8 22. Rb3 Ra1+ 23. Rb1 Ra3 24. Qc2 Nb5 25. Nxb5 Qxb5 26. Qxf5 Ra4 27. Nd7 Nxd7 28. Qxd7 Rxb4 29. Qe6+ Kh8 30. Rxb4 Qxb4 31. Qe8 Qe7 32. Qxe7 Bxe7 33. Kf1 Kg8 34. Ke2 Kf7 35. Be5 g6 36. Kd3 Ke6 37. Kc3 c5 38. Bb8 c4 39. e4 b5 40. exd5+ Kxd5 41. Be5 b4+ 42. Kc2 Bd6 43. Bg7 Bf4 44. g4 Be3 45. h4 Bxd4 46. Bf8 Bc5 47. Bg7 Bd4 48. Bf8 b3+ 49. Kb1 c3 50. Bh6 Kc4 51. h5 gxh5 52. gxh5 Kd3 53. f4 c2+ 54. Kc1 b2# 0-1

[Event "Speed Chess (Women) Q2"]
[Site "Chess.com INT"]
[Date "2022.05.26"]
[Round "13"]
[White "Head, Louise"]
[Black "Ostry, Irina"]
[Result "1-0"]
[WhiteElo "2025"]
[BlackElo "2147"]
[PlyCount "79"]
[EventDate "2022.05.26"]
[EventType "swiss (blitz)"]
[EventRounds "14"]
[EventCountry "USA"]
[SourceTitle "CBM 208 Extra"]
[Source "ChessBase"]
[SourceDate "2022.07.31"]
[SourceVersion "1"]
[SourceVersionDate "2022.07.31"]
[SourceQuality "1"]

1. d4 Nf6 2. c4 g6 3. Nc3 Bg7 4. e4 d6 5. Be2 0-0 6. Be3 Nc6 7. g4 e5 8. d5 Nd4 9. g5 Ne8 10. h4 f5 11. gxf6 Nxf6 12. f3 Nh5 13. Rh2 a6 14. Qd2 Nf4 15. 0-0-0 b5 16. Bf1 Bd7 17. Bxd4 exd4 18. Nce2 Qf6 19. Nxf4 Qxf4 20. Qxf4 Rxf4 21. h5 bxc4 22. Bxc4 Bb5 23. Bd3 Bxd3 24. Rxd3 Rb8 25. hxg6 hxg6 26. Rg2 Kf7 27. Ne2 Rh4 28. Nxd4 Bxd4 29. Rxd4 Rh1+ 30. Kc2 Ra1 31. a3 Rf1 32. Rc4 Rb7 33. Rc3 Kf6 34. b4 g5 35. Kd2 Ra1 36. Ke3 Rb1 37. Kd4 a5 38. bxa5 R1b5 39. Rgc2 Rxa5 40. Rxc7 1-0

[Event "Speed Chess (Women) Q2"]
[Site "Chess.com INT"]
[Date "2022.05.26"]
[Round "14"]
[White "Lahav, Michal"]
[Black "Head, Louise"]
[Result "1-0"]
[WhiteElo "2199"]
[BlackElo "2025"]
[PlyCount "87"]
[EventDate "2022.05.26"]
[EventType "swiss (blitz)"]
[EventRounds "14"]
[EventCountry "USA"]
[SourceTitle "CBM 208 Extra"]
[Source "ChessBase"]
[SourceDate "2022.07.31"]
[SourceVersion "1"]
[SourceVersionDate "2022.07.31"]
[SourceQuality "1"]

1. e4 c6 2. Nc3 d5 3. Nf3 Nf6 4. e5 Ne4 5. Ne2 Qb6 6. d4 e6 7. Ng3 c5 8. Bd3 Nxg3 9. fxg3 Nc6 10. 0-0 Be7 11. Kh1 Nxd4 12. Nxd4 cxd4 13. Qh5 g6 14. Qh6 Bf8 15. Qf4 Qc7 16. Bb5+ Kd8 17. Qf6+ Qe7 18. Qxh8 a6 19. Bd3 Bd7 20. Qxh7 Be8 21. Qh4 Kc7 22. Bg5 Qb4 23. a3 Qxb2 24. Rab1 Qxa3 25. Qxd4 b5 26. Rb3 Bc5 27. Qc3 d4 28. Qe1 Qa4 29. Qe4 Rc8 30. Rfb1 Qa5 31. Qf3 Kb8 32. Be4 Qb6 33. c4 dxc3 34. Rxc3 b4 35. Rcc1 Bb5 36. Bd2 Rd8 37. Bxb4 Bxb4 38. Rxb4 Qa5 39. Rbb1 Qd2 40. Bc6 Ka7 41. Bxb5 axb5 42. Rc7+ Ka6 43. Qb7+ Ka5 44. Qxb5# 1-0

[Event "Speed Chess (Women) Q2"]
[Site "Chess.com INT"]
[Date "2022.05.26"]
[Round "8"]
[White "Szente Varga, Fruzsina"]
[Black "Head, Louise"]
[Result "0-1"]
[WhiteElo "2092"]
[BlackElo "2025"]
[PlyCount "128"]
[EventDate "2022.05.26"]
[EventType "swiss (blitz)"]
[EventRounds "14"]
[EventCountry "USA"]
[SourceTitle "CBM 208 Extra"]
[Source "ChessBase"]
[SourceDate "2022.07.31"]
[SourceVersion "1"]
[SourceVersionDate "2022.07.31"]
[SourceQuality "1"]

1. e4 c6 2. d4 d5 3. Nc3 dxe4 4. Nxe4 Nd7 5. Bc4 e6 6. Ne2 Ngf6 7. Nxf6+ Nxf6 8. Bg5 Be7 9. c3 0-0 10. Qc2 c5 11. 0-0-0 cxd4 12. Nxd4 Qa5 13. h4 e5 14. Nf5 Bxf5 15. Qxf5 Rac8 16. Bb3 Rc5 17. Bxf6 Bxf6 18. g4 Rfc8 19. g5 e4 20. Qxe4 Bxc3 21. bxc3 Rxc3+ 22. Kb1 Qa3 23. Qd5 Qf8 24. g6 hxg6 25. h5 R3c5 26. Qf3 Rxh5 27. Rxh5 gxh5 28. Qxh5 Qe7 29. Qf5 Rc7 30. Rh1 g6 31. Qd3 Qf6 32. Rd1 Kg7 33. Qd4 Re7 34. Qxf6+ Kxf6 35. Rd6+ Kf5 36. Rd5+ Ke4 37. Rd1 Kf3 38. Rd2 g5 39. Bd5+ Kf4 40. Kc2 f5 41. Kc3 Re5 42. Bxb7 Ra5 43. Kb3 Rb5+ 44. Kc4 Rxb7 45. a4 g4 46. a5 Ke4 47. Re2+ Kf3 48. Re5 f4 49. Rf5 Rb2 50. a6 Ra2 51. Kb5 Rxf2 52. Rf7 Rb2+ 53. Ka4 Ra2+ 54. Kb5 Rb2+ 55. Kc4 Rb6 56. Rxa7 g3 57. Kc5 Rb1 58. Rf7 Ra1 59. Kb6 g2 60. a7 g1Q+ 61. Kb7 Rxa7+ 62. Kc6 Rxf7 63. Kd5 Qe3 64. Kc4 Rc7+ 0-1

[Event "Speed Chess (Women) Q2"]
[Site "Chess.com INT"]
[Date "2022.05.26"]
[Round "11"]
[White "Yeshchenko, Uliana"]
[Black "Head, Louise"]
[Result "0-1"]
[WhiteElo "2097"]
[BlackElo "2025"]
[PlyCount "102"]
[EventDate "2022.05.26"]
[EventType "swiss (blitz)"]
[EventRounds "14"]
[EventCountry "USA"]
[SourceTitle "CBM 208 Extra"]
[Source "ChessBase"]
[SourceDate "2022.07.31"]
[SourceVersion "1"]
[SourceVersionDate "2022.07.31"]
[SourceQuality "1"]

1. d4 d5 2. c4 dxc4 3. Nf3 e6 4. e3 a6 5. Bxc4 b5 6. Bd3 Bb7 7. a4 b4 8. Nbd2 c5 9. 0-0 cxd4 10. exd4 Nf6 11. Nc4 Be7 12. Re1 0-0 13. Bc2 Nbd7 14. b3 Rc8 15. Bf4 Nb6 16. Nce5 Nbd5 17. Bg5 h6 18. Bh4 Nc3 19. Qd3 Be4 20. Qd2 Bxc2 21. Qxc2 Ncd5 22. Qd3 Qd6 23. Nc4 Qb8 24. Bg3 Qa7 25. Nfe5 Rfd8 26. Rac1 Nh5 27. Qf3 Nhf6 28. Na5 Rxc1 29. Rxc1 Re8 30. Nac6 Qa8 31. Qd3 Bf8 32. Na5 Rc8 33. Rc4 Nc3 34. Nac6 Ncd5 35. Nxb4 Nxb4 36. Rxb4 Bxb4 37. h4 Bf8 38. Kh2 a5 39. h5 Qd5 40. Qe2 Qxd4 41. f3 Qd5 42. Nc4 Qxh5+ 43. Kg1 Bc5+ 44. Kf1 Qd5 45. Bf2 Bxf2 46. Kxf2 Nd7 47. g4 Nc5 48. Kg2 Nd3 49. Nb6 Nf4+ 50. Kh2 Nxe2 51. Nxd5 exd5 0-1

[Event "London She Plays To Win 1st"]
[Site "London"]
[Date "2022.04.10"]
[Round "7"]
[White "Head, Louise"]
[Black "Vanduyfhuys, Daria"]
[Result "0-1"]
[WhiteElo "2015"]
[BlackElo "2080"]
[PlyCount "100"]
[EventDate "2022.04.07"]
[EventType "tourn"]
[EventRounds "9"]
[EventCountry "ENG"]
[SourceTitle "CBM 207 Extra"]
[Source "ChessBase"]
[SourceDate "2022.05.31"]
[SourceVersion "1"]
[SourceVersionDate "2022.05.31"]
[SourceQuality "1"]

1. d4 Nf6 2. c4 e6 3. Nf3 d5 4. Nc3 Bb4 5. cxd5 exd5 6. Qc2 0-0 7. Bg5 c6 8. e3 Nbd7 9. Bd3 h6 10. Bh4 Re8 11. 0-0 Be7 12. h3 Ne4 13. Bxe7 Qxe7 14. b4 a6 15. a4 Ndf6 16. b5 axb5 17. axb5 Ra3 18. Na4 Bd7 19. Ne5 cxb5 20. Rxa3 Qxa3 21. Nb6 Bc6 22. Nxc6 bxc6 23. Bxe4 Rxe4 24. Qxc6 Qb3 25. Nc8 b4 26. Nd6 Re7 27. Qc8+ Kh7 28. Qf8 Ra7 29. Nf5 Nh5 30. g4 Qc2 31. Qxb4 g6 32. Nh4 Ng7 33. Ng2 Ne6 34. Qb8 Ra2 35. Qb7 Ng5 36. Qxd5 Nxh3+ 37. Kh2 Ng5 38. Nf4 Rb2 39. Kg2 Qc8 40. Kg3 Qc2 41. Qg2 Ne4+ 42. Kh2 Nxf2 43. Kg1 Nxg4 44. Qxc2 Rxc2 45. Re1 g5 46. Nd5 Rd2 47. Ra1 Rd3 48. Re1 h5 49. Kg2 Rd2+ 50. Kf1 Nh2+ 0-1

[Event "London LCC (Women) Rapid 12th"]
[Site "London"]
[Date "2021.12.04"]
[Round "4"]
[White "Head, Louise"]
[Black "Volovich, Julia"]
[Result "1-0"]
[WhiteElo "2033"]
[BlackElo "1779"]
[PlyCount "143"]
[EventDate "2021.12.04"]
[EventType "tourn (rapid)"]
[EventRounds "7"]
[EventCountry "ENG"]
[SourceTitle "CBM 205 Extra"]
[Source "ChessBase"]
[SourceDate "2022.01.31"]
[SourceVersion "1"]
[SourceVersionDate "2022.01.31"]
[SourceQuality "1"]

1. d4 Nf6 2. c4 g6 3. Nc3 d5 4. Bg5 Bg7 5. Bxf6 Bxf6 6. cxd5 c6 7. e4 cxd5 8. exd5 0-0 9. Qd2 Qb6 10. Nf3 Rd8 11. Bc4 Qc7 12. Be2 Bg4 13. 0-0 Qb6 14. Rfd1 Na6 15. Ne5 Bxe2 16. Qxe2 Nc7 17. Nc4 Qa6 18. d6 exd6 19. Qf3 Bg7 20. Na3 Rac8 21. Rd2 b5 22. Nd5 Nxd5 23. Qxd5 b4 24. Nc2 Qc4 25. Qxc4 Rxc4 26. b3 Rc3 27. Nxb4 Rdc8 28. Kf1 a5 29. Nd5 Rc2 30. Rad1 Kf8 31. Nb6 Rxd2 32. Rxd2 Rc1+ 33. Ke2 Ke7 34. Kd3 Kd8 35. Nc4 a4 36. Nxd6 Ke7 37. Nc4 axb3 38. axb3 Rh1 39. h3 Rg1 40. f3 Rb1 41. Kc2 Ra1 42. d5 Ra2+ 43. Kd3 Ra7 44. Re2+ Kd7 45. f4 Rb7 46. Kc2 Rb5 47. Rd2 h5 48. g3 Bh6 49. Rd4 Bg7 50. Rd3 f6 51. Kd2 Bf8 52. Ke3 g5 53. Ke4 Ke7 54. fxg5 fxg5 55. Kf5 h4 56. g4 Kd7 57. Kxg5 Be7+ 58. Kf5 Rb8 59. d6 Rf8+ 60. Ke4 Bg5 61. Ne5+ Kd8 62. Kd5 Bf4 63. Ng6 Rf6 64. Nxf4 Rxf4 65. Ke6 Re4+ 66. Kf5 Re1 67. d7 Rg1 68. Kf4 Rg2 69. b4 Rb2 70. Kg5 Rxb4 71. Kxh4 Rb5 72. g5 1-0

[Event "BCF-chT 2122 (4NCL)"]
[Site "England"]
[Date "2021.11.27"]
[Round "1.94"]
[White "Franklin, Samuel Gideon"]
[Black "Head, Louise"]
[Result "1-0"]
[WhiteElo "2335"]
[BlackElo "2033"]
[PlyCount "73"]
[EventDate "2021.11.27"]
[EventType "team-swiss"]
[EventRounds "11"]
[EventCountry "ENG"]
[SourceTitle "EXT 2023"]
[Source "ChessBase"]
[SourceDate "2022.10.05"]
[SourceVersion "1"]
[SourceVersionDate "2022.10.05"]
[SourceQuality "1"]
[WhiteTeam "Barbican"]
[BlackTeam "The Sharks II"]
[WhiteTeamCountry "ENG"]
[BlackTeamCountry "ENG"]

1. e4 c6 2. c4 d5 3. exd5 cxd5 4. cxd5 Nf6 5. Nc3 Nxd5 6. Bc4 Nb6 7. Bb3 Nc6 8. Nf3 Bf5 9. d4 e6 10. 0-0 Be7 11. a4 Nb4 12. a5 N6d5 13. Ba4+ Kf8 14. Ne5 h5 15. Qf3 f6 16. Nd7+ Kf7 17. Nxd5 Nxd5 18. Bd2 g5 19. Rfc1 g4 20. Qb3 b6 21. Bc6 Rc8 22. Qa4 h4 23. axb6 Nxb6 24. Nxb6 axb6 25. Bd7 Rc7 26. Rxc7 Qxc7 27. d5 g3 28. Bxe6+ Bxe6 29. dxe6+ Kf8 30. Qe4 gxf2+ 31. Kxf2 Qc5+ 32. Be3 Qe5 33. Ra8+ Kg7 34. Qg4+ Kh7 35. Qxh4+ Kg6 36. Rxh8 Qxb2+ 37. Kf3 1-0